000
00281nam a2200097Ia 4500
008
220204s9999 xx 000 0 und d
082
_a
677.21(035)
_b
HAN
245
0
_a
Handbook of Indian cotton textile industry. 1960
260
_b
Cotton textile export promotion council
942
_c
BK
999
_c
21538
_d
21538